000 00649nam a2200181Ia 4500
003 GCL
008 140319s9999 xx 000 0 ara d
040 _aGCL /
_cGCL
082 0 4 _aط
_b372.218
_bد ع
100 1 _aدراموند مارى جين
245 1 0 _aالعمل مع الاطفال :
_bنحو تطوير استخدام مناهج الطفولة المبكرة /
_cدراموند مارى جين
250 _aالاولى
260 _aبيروت :
_bبيسان للنشر والتوزيع ،
_c2000
300 _a131 ص ؛
_c30 سم
650 0 4 _aتعليم الاطفال
650 0 4 _aالاطفال - تدريب
942 _2ddc
_cBK
999 _c6457
_d6457